Word that Comes Before #4 - Statistics

General Stats
  • This quiz has been taken 24,345 times
  • The average score is 13 of 21
Answer Stats
Word Precedes These % Correct
Tooth Fairy, Paste, Decay
93%
Road Trip, Runner, Rash
80%
Final Exam, Countdown, Offer
77%
Orange Julius, Peel, Zest
76%
Full House, Moon, Tilt
75%
Head Gasket, Honcho, Lice
69%
Snow Blower, Blindness, Flake
68%
Killer Bee, Whale, Instinct
65%
Wine Cellar, Snob, Pairing
65%
Organ Donor, Grinder, Failure
64%
First Date, World, Class
63%
Glass Ceiling, Slipper, Blowing
61%
Bird Brain, Bath, Flu
59%
Short Circuit, Ribs, Story
58%
Nail Biter, Salon, Gun
55%
Spare Change, Tire, Key
55%
Food Pyramid, Poisoning, Bank
51%
Rain Forest, Jacket, Delay
48%
Potato Salad, Pancake, Famine
45%
Bull Frog, Market, Finch
42%
Tape Measure, Delay, Worm
35%
No matching quizzes found
Score Distribution
Percent of People with Each Score
Percentile by Number Answered
Your Score History
You have not taken this quiz